[Event "Titled Tuesday intern op 02nd Aug Early"]
[Site "Chess.com INT"]
[Date "2022.08.02"]
[Round "3"]
[White "Manfroi, Alexander Giannini"]
[Black "Wartiovaara, Oliver"]
[Result "0-1"]
[WhiteElo "1728"]
[BlackElo "2297"]
[PlyCount "70"]
[EventDate "2022.08.02"]
[EventType "swiss (blitz)"]
[EventRounds "11"]
[EventCountry "USA"]
[SourceTitle "EXT 2023"]
[Source "ChessBase"]
[SourceDate "2022.10.05"]
[SourceVersion "1"]
[SourceVersionDate "2022.10.05"]
[SourceQuality "1"]

1. d4 Nf6 2. Bf4 e6 3. Nd2 d5 4. e3 Bd6 5. Bg3 0-0 6. Ngf3 c5 7. c3 Nc6 8. Ne5 Ne7 9. Bd3 b6 10. f4 Bb7 11. Qf3 Nf5 12. Bf2 Be7 13. g4 Nd6 14. Bh4 Nfe4 15. Bxe7 Qxe7 16. g5 f6 17. gxf6 gxf6 18. Ng4 Kh8 19. 0-0-0 cxd4 20. exd4 b5 21. Bxe4 dxe4 22. Qh3 b4 23. c4 Nf5 24. Nb3 Rac8 25. c5 Bd5 26. Kb1 a5 27. Ne3 Nxe3 28. Qxe3 a4 29. Nc1 b3 30. a3 Rg8 31. Rhg1 f5 32. Ne2 Qh4 33. Nc3 Qxh2 34. Rxg8+ Rxg8 35. Nxd5 Qc2+ 0-1

[Event "Titled Tuesday intern op 02nd Aug Early"]
[Site "Chess.com INT"]
[Date "2022.08.02"]
[Round "9"]
[White "Sanchez, Roberto Daniel"]
[Black "Manfroi, Alexander Giannini"]
[Result "1-0"]
[WhiteElo "1966"]
[BlackElo "1728"]
[PlyCount "45"]
[EventDate "2022.08.02"]
[EventType "swiss (blitz)"]
[EventRounds "11"]
[EventCountry "USA"]
[SourceTitle "EXT 2023"]
[Source "ChessBase"]
[SourceDate "2022.10.05"]
[SourceVersion "1"]
[SourceVersionDate "2022.10.05"]
[SourceQuality "1"]

1. e4 e5 2. Nf3 Nc6 3. Bb5 a6 4. Ba4 Nf6 5. d3 Bc5 6. Nc3 d6 7. h3 0-0 8. a3 Be6 9. Bg5 b5 10. Bb3 Bxb3 11. cxb3 Nd4 12. Nd5 Kh8 13. Nxd4 Bxd4 14. Qf3 Nxd5 15. Bxd8 Raxd8 16. exd5 Bxb2 17. Ra2 Bc3+ 18. Ke2 f5 19. Rc1 e4 20. dxe4 fxe4 21. Qg4 Bd4 22. Ke1 Bxf2+ 23. Rxf2 1-0